|
|
|
|
| LEADER |
00000nam0a2200000 4500 |
| 001 |
348091 |
| 005 |
20231102010054.0 |
| 010 |
|
|
|a 9785604761533
|
| 035 |
|
|
|a (RuTPU)RU\TPU\book\380051
|
| 090 |
|
|
|a 348091
|
| 100 |
|
|
|a 20221018d2022 k y0rusy50 ca
|
| 101 |
0 |
|
|a rus
|
| 102 |
|
|
|a RU
|
| 105 |
|
|
|a a z 001zy
|
| 200 |
1 |
|
|a Строение атомов химических элементов и воды. Типы химической связи
|e [монография]
|f Г. Д. Чукин, П. Ю. Сериков
|
| 210 |
|
|
|a Москва
|c Галлея-Принт
|d 2022
|
| 215 |
|
|
|a 397 с.
|c ил.
|
| 320 |
|
|
|a Библиогр.: с. 391-394
|
| 330 |
|
|
|a В данной монографии на основе авторских теоретических представлений установлен базовый принцип, который никогда не нарушается, в соответствии с которым выстроена вся Периодическая система химических элементов Д. И. Менделеева. Рассматривается механизм магнитного формирования атомов химических элементов, раскрыты их строение и свойства; природа возникновения и типы химических связей. Изложена новая точка зрения на природу магнетизма, естественные и искусственные магниты, а также магнитомеханические явления в целом. Рассматривается происхождение воды как базовой планетарной жидкости, дано объяснение ее аномальных свойств, химической и каталитической активности. Сделан о том, что вода представляет собой лучший растворитель веществ, созданных как природой, так и руками человека.
|
| 606 |
1 |
|
|a Химические элементы
|2 stltpush
|3 (RuTPU)RU\TPU\subj\17311
|9 43020
|
| 606 |
1 |
|
|a Вода
|x Химия
|2 stltpush
|3 (RuTPU)RU\TPU\subj\2700
|9 31233
|
| 610 |
1 |
|
|a атомы
|
| 610 |
1 |
|
|a ферромагнетизм
|
| 610 |
1 |
|
|a анизотропия
|
| 610 |
1 |
|
|a магнитомеханические явления
|
| 610 |
1 |
|
|a изотопный обмен
|
| 610 |
1 |
|
|a координационная химия
|
| 610 |
1 |
|
|a фотосинтез
|
| 610 |
1 |
|
|a теплоемкость
|
| 610 |
1 |
|
|a ферромагнетики
|
| 610 |
1 |
|
|a поверхностное натяжение
|
| 610 |
1 |
|
|a элемент Даниэля
|
| 610 |
1 |
|
|a монографии
|
| 675 |
|
|
|a 546-123
|v 4
|
| 675 |
|
|
|a 546.21
|v 4
|
| 700 |
|
1 |
|a Чукин
|b Г. Д.
|g Геннадий Дмитриевич
|
| 701 |
|
1 |
|a Сериков
|b П. Ю.
|g Павел Юрьевич
|
| 801 |
|
1 |
|a RU
|b 63413507
|c 20221018
|
| 801 |
|
2 |
|a RU
|b 63413507
|c 20221118
|g RCR
|
| 942 |
|
|
|c BK
|